HGGSP Tle TH1 Espaces de conquête - Statistiques

Statistiques générales
  • Ce quiz a été pris 833 fois
  • Le résultat moyen est 9 sur 21
Statistiques - réponses
Hint Réponse % Correct
Mise en orbite du premier Spoutnik 1957
95%
Youri Gagarine, premier homme dans l'espace 1961
90%
Neil Armstrong, premier homme sur la Lune 1969
88%
Création NASA par Etats-Unis 1958
73%
Convention de Montego Bay 1982
71%
Lancement programme Apollo par Etats-Unis 1961
63%
Traité de l'espace de l'ONU 1967
58%
Lancement de la Station Spatiale Internationale (ISS) 1998
50%
Mission Apollo-Soyouz 1975
49%
Space Act par les Etats-Unis 2015
44%
Première station spatiale habitée (URSS) 1971
39%
Création de l'Agence Spatiale Européenne (ASE) 1975
34%
Mise en œuvre effective de Montego Bay 1994
30%
Premier touriste de l'espace 2001
16%
Programme de coopération Shuttle-Mir 1992
12%
BBNJ (Biological diversity Beyond National Jurisdiction) 2018
12%
Création Tribunal International du Droit de la Mer (TIDM) 1996
9%
Création Autorité Internationale des Fonds Marins (AIFM) 1994
7%
Alliance AUKUS 2021
7%
Création du Comité des Utilisations Pacifiques de l'Espace Extra-Atmosphérique (CUPEEA) par l'ONU 1958
6%
Traité de non-prolifération des armes nucléaires (TNP) 1968
6%
Aucun quiz correspondant
Distribution des résultats
% des personnes avec chaque résultat
Percentile par nombre de réponses
Votre historique - résultats
Vous n’avez pas pris ce quiz